Připravme se na burzu. 3.

Typy búrz cenných papierov: Francúzsky typ burzy. Stredoveký typ burzy. Anglo-americký typ burzy. Právna úprava búrz cenných papierov. Verejnoprávna forma. Súkromnoprávna forma. Forma burzy v ČSFR.

Gespeichert in:
Bibliographische Detailangaben
1. Verfasser: Pavlát, Vladislav
Format: Buchkapitel
Sprache:Tschechisch
Schlagworte:
Tags: Tag hinzufügen
Keine Tags, Fügen Sie das erste Tag hinzu!

MARC

LEADER 00000naa a2200000 4500
001 r009624
005 20220831084045.0
041 0 |a cze 
044 |a [CS] 
245 1 0 |a Připravme se na burzu. 3.  |c V. Pavlát 
520 |a Typy búrz cenných papierov: Francúzsky typ burzy. Stredoveký typ burzy. Anglo-americký typ burzy. Právna úprava búrz cenných papierov. Verejnoprávna forma. Súkromnoprávna forma. Forma burzy v ČSFR. 
610 2 0 |a burzy 
610 2 0 |a papiere cenné 
610 2 0 |a ČSFR 
100 1 |a Pavlát, Vladislav